000
00316nam a22001337a 4500
082
_a
823
_b
PAI/P
100
_a
PAI, ANANT
245
_a
THE PANDIT AND THE MILKMAID
260
_a
MUMBAI
_b
AMAR CHITHRA KATHA
300
_a
30
520
_a
ENGLISH SHORT STORIES
650
_a
ENGLISH SHORT STORIES
_z
MUMBAI
942
_c
BK
999
_c
5213
_d
5213